00313nam a2200133Ia 4500008004100000020001500041041001200056082001100068100000900079245004200088260002500130300000800155650001600163221030s9999 xx 000 0 und d a0070667608 aEnglish a105.23 aISRD 0aProgramming & Problem Solving Using C bTMHaNew Delhic2009 a293 aBE Computer